[Event "Madrid ch 2022-2023 Semifinal"]
[Site "Madrid ESP"]
[Date "2023.05.08"]
[Round "6.11"]
[White "Lozano Freras, Sergio"]
[Black "Vioque Gonzalez, Nicolas"]
[Result "1-0"]
[WhiteElo "1971"]
[BlackElo "2081"]
[PlyCount "43"]
[EventDate "2023.05.03"]
[EventType "swiss"]
[EventRounds "9"]
[EventCountry "ESP"]
[SourceTitle "Ajedrez en Madrid"]
[Source "lmi"]
[SourceDate "2023.05.03"]
[SourceVersion "1"]
[SourceVersionDate "2023.05.10"]
[SourceQuality "1"]

1. e4 e5 2. Nf3 Nc6 3. Bb5 Nf6 4. O-O Nxe4 5. d4 Nd6 6. dxe5 Nxb5 7. a4 d6 8.
axb5 Nxe5 9. Re1 f6 10. Nd4 Be7 11. Qh5+ Nf7 12. Qe2 Qd7 13. Nf5 Ne5 14. Nxg7+
Kf7 15. Qh5+ Kg8 16. Ra3 Bf8 17. Ne8 Qf5 18. Rxe5 fxe5 19. Rg3+ Bg7 20. Rg5 Qe6
21. Nxg7 Qf7 22. Ne6+ 1-0

[Event "Madrid ch 2022-2023 Semifinal"]
[Site "Madrid ESP"]
[Date "2023.05.08"]
[Round "6.12"]
[White "Gaibor Gallardo, Gonzalo"]
[Black "Luque Ibanes, Manuel"]
[Result "1-0"]
[WhiteElo "1923"]
[BlackElo "2047"]
[PlyCount "75"]
[EventDate "2023.05.03"]
[EventType "swiss"]
[EventRounds "9"]
[EventCountry "ESP"]
[SourceTitle "Ajedrez en Madrid"]
[Source "lmi"]
[SourceDate "2023.05.03"]
[SourceVersion "1"]
[SourceVersionDate "2023.05.10"]
[SourceQuality "1"]

1. d4 Nf6 2. Nf3 d6 3. c4 e5 4. Nc3 Nbd7 5. e4 Be7 6. Be2 c6 7. O-O O-O 8. Qc2
Qc7 9. Bg5 Re8 10. Rfd1 h6 11. Be3 Ng4 12. Bd2 Ngf6 13. d5 Nf8 14. Rac1 Ng6 15.
b4 a5 16. bxa5 Rxa5 17. h3 Nf4 18. Bf1 g5 19. Ne2 Ra3 20. Nxf4 gxf4 21. Qb2 Ra7
22. Re1 c5 23. Bc3 Bf8 24. Bd3 Bd7 25. Bc2 Bg7 26. Ra1 Nh7 27. a4 b6 28. Reb1
Ra6 29. Qc1 Rea8 30. Qd1 Qc8 31. Nd2 Ng5 32. Qf1 f3 33. Nxf3 Nxh3+ 34. Kh2 Nf4
35. Ra2 Bg4 36. Ng1 Bd7 37. g3 Ng6 38. f3 1-0

[Event "Madrid ch 2022-2023 Semifinal"]
[Site "Madrid ESP"]
[Date "2023.05.08"]
[Round "6.13"]
[White "Estevez Sacristan, Deva"]
[Black "Feal Albala, Alonso"]
[Result "0-1"]
[WhiteElo "1978"]
[BlackElo "1959"]
[PlyCount "144"]
[EventDate "2023.05.03"]
[EventType "swiss"]
[EventRounds "9"]
[EventCountry "ESP"]
[SourceTitle "Ajedrez en Madrid"]
[Source "lmi"]
[SourceDate "2023.05.03"]
[SourceVersion "1"]
[SourceVersionDate "2023.05.10"]
[SourceQuality "1"]

1. e4 c5 2. Nc3 Nc6 3. f4 d6 4. Nf3 g6 5. Bb5 Bg7 6. Bxc6+ bxc6 7. O-O Nh6 8.
d3 f5 9. Qe1 O-O 10. e5 Nf7 11. Kh1 Rb8 12. Rb1 Qc7 13. Qg3 Bd7 14. Re1 Nd8 15.
Qh4 Re8 16. Bd2 Ne6 17. Ne2 Nd4 18. Nexd4 cxd4 19. Nxd4 dxe5 20. fxe5 Bxe5 21.
Nf3 Bf6 22. Ng5 h5 23. Qc4+ e6 24. Bf4 Qc8 25. Bxb8 Bxg5 26. Be5 Be7 27. Re3 c5
28. Rbe1 Kf7 29. h4 Bf8 30. Qf4 Qd8 31. Rg3 Bc6 32. Ree3 Bd5 33. a3 Qe7 34. c4
Bc6 35. Bc3 Rd8 36. Kg1 Be8 37. Qe5 Rd4 38. Bxd4 cxd4 39. Qxd4 Bg7 40. Qf4 Bxb2
41. Re2 Bg7 42. Qg5 Qxg5 43. Rxg5 Bd4+ 44. Kf1 e5 45. Ke1 Kf6 46. Rg3 f4 47.
Rh3 Bd7 48. Rh1 Bc3+ 49. Kd1 Ba4+ 50. Kc1 g5 51. hxg5+ Kxg5 52. Rf2 Kg4 53. Rh3
Bd4 54. Rc2 Bc6 55. Rh1 h4 56. Rf1 Kg3 57. Kd1 Bxg2 58. Re1 Bf3+ 59. Kc1 h3 60.
c5 Bc6 61. Kd2 h2 62. Rcc1 f3 63. Rb1 f2 64. Rf1 Bxc5 65. Rb8 Bd5 66. Rbb1 h1=Q
67. Rxh1 Bxh1 68. Ke2 Bf3+ 69. Kf1 Bg2+ 70. Ke2 f1=Q+ 71. Rxf1 Bxf1+ 72. Kxf1
Kf3 0-1

[Event "Madrid ch 2022-2023 Semifinal"]
[Site "Madrid ESP"]
[Date "2023.05.08"]
[Round "6.14"]
[White "Rodriguez Melendez, Juan Humbert"]
[Black "Moreno Torrero, Javier"]
[Result "1-0"]
[WhiteElo "2069"]
[BlackElo "1910"]
[PlyCount "77"]
[EventDate "2023.05.03"]
[EventType "swiss"]
[EventRounds "9"]
[EventCountry "ESP"]
[SourceTitle "Ajedrez en Madrid"]
[Source "lmi"]
[SourceDate "2023.05.03"]
[SourceVersion "1"]
[SourceVersionDate "2023.05.10"]
[SourceQuality "1"]

1. d4 d5 2. c4 Nc6 3. cxd5 Qxd5 4. Nf3 Bg4 5. Nc3 Qa5 6. e3 e5 7. dxe5 Bb4 8.
Be2 Bxc3+ 9. bxc3 Nxe5 10. O-O Rd8 11. Qb3 Nxf3+ 12. gxf3 Bh3 13. f4 Bxf1 14.
Bxf1 Qb6 15. Qa4+ Rd7 16. Bh3 Qg6+ 17. Kh1 f5 18. Bg2 c6 19. Ba3 Ne7 20. Rg1
Qe6 21. Qxa7 O-O 22. Bc5 Rfd8 23. Bd4 Nc8 24. Qa5 b6 25. Qa4 c5 26. Be5 Ra7 27.
Qb5 g6 28. e4 Ra5 29. exf5 Qxf5 30. Qb3+ Kf8 31. Re1 Rd2 32. a4 Ra7 33. Bc6 Qf7
34. c4 Re7 35. Qe3 Rxe5 36. Qxe5 Ne7 37. Bd5 Nxd5 38. Qh8+ Qg8 39. Re8+ 1-0

[Event "Madrid ch 2022-2023 Semifinal"]
[Site "Madrid ESP"]
[Date "2023.05.08"]
[Round "6.15"]
[White "Pastor Alonso De Prado, Alberto"]
[Black "Baeza Escudero, Javier"]
[Result "1-0"]
[WhiteElo "2055"]
[BlackElo "1906"]
[PlyCount "63"]
[EventDate "2023.05.03"]
[EventType "swiss"]
[EventRounds "9"]
[EventCountry "ESP"]
[SourceTitle "Ajedrez en Madrid"]
[Source "lmi"]
[SourceDate "2023.05.03"]
[SourceVersion "1"]
[SourceVersionDate "2023.05.10"]
[SourceQuality "1"]

1. b3 d5 2. Nf3 Nf6 3. Bb2 Bg4 4. e3 Nbd7 5. Be2 e6 6. O-O Bd6 7. c4 O-O 8. d4
c6 9. Nbd2 Rc8 10. h3 Bh5 11. Ne5 Bxe2 12. Qxe2 Ne8 13. e4 f6 14. Nd3 Bb8 15.
Rad1 Nd6 16. Ba3 Re8 17. Bxd6 Bxd6 18. Qf3 dxe4 19. Nxe4 Bf8 20. Rfe1 Qa5 21.
Re2 e5 22. Qg4 Rcd8 23. Ndc5 Bxc5 24. dxc5 Nxc5 25. Rxd8 Rxd8 26. Nxf6+ Kh8 27.
Rxe5 gxf6 28. Re7 Ne6 29. Qxe6 Rf8 30. Qe4 Qh5 31. Rxb7 Re8 32. Rxh7+ 1-0

[Event "Madrid ch 2022-2023 Semifinal"]
[Site "Madrid ESP"]
[Date "2023.05.08"]
[Round "6.16"]
[White "Perdomo Araujo, Angel Eduardo"]
[Black "Garcia Galeote, Lorenzo"]
[Result "0-1"]
[WhiteElo "2027"]
[BlackElo "1855"]
[PlyCount "74"]
[EventDate "2023.05.03"]
[EventType "swiss"]
[EventRounds "9"]
[EventCountry "ESP"]
[SourceTitle "Ajedrez en Madrid"]
[Source "lmi"]
[SourceDate "2023.05.03"]
[SourceVersion "1"]
[SourceVersionDate "2023.05.10"]
[SourceQuality "1"]

1. e4 d5 2. exd5 Qxd5 3. Nc3 Qd6 4. Nf3 Bg4 5. h3 Bh5 6. d4 Nf6 7. g4 Bg6 8.
Ne5 Nbd7 9. Nb5 Qb6 10. Nc4 Qe6+ 11. Be3 O-O-O 12. Nxa7+ Kb8 13. a4 Qd5 14. Rg1
Kxa7 15. g5 Ne4 16. Na3 Qa5+ 17. c3 Kb8 18. Nb5 e6 19. f3 c5 20. fxe4 cxd4 21.
Bd2 dxc3 22. Bxc3 Bb4 23. Qd6+ Bxd6 24. Bxa5 b6 25. Bc3 Bc5 26. Rg4 h5 27. gxh6
Rxh6 28. Bxg7 Bb4+ 29. Kf2 Rh7 30. Bd4 Bc5 31. Ke3 Ne5 32. Rg5 f6 33. Bxc5 bxc5
34. Rg3 Rh4 35. Nc3 Rd4 36. Bg2 Rd3+ 37. Kf2 Rf4+ 0-1

[Event "Madrid ch 2022-2023 Semifinal"]
[Site "Madrid ESP"]
[Date "2023.05.08"]
[Round "6.17"]
[White "Lopez Herrero, Israel"]
[Black "Lazaro Azcutia, Miguel"]
[Result "0-1"]
[WhiteElo "1792"]
[BlackElo "1953"]
[PlyCount "110"]
[EventDate "2023.05.03"]
[EventType "swiss"]
[EventRounds "9"]
[EventCountry "ESP"]
[SourceTitle "Ajedrez en Madrid"]
[Source "lmi"]
[SourceDate "2023.05.03"]
[SourceVersion "1"]
[SourceVersionDate "2023.05.10"]
[SourceQuality "1"]

1. e4 e5 2. Nf3 Nc6 3. Bb5 a6 4. Ba4 Nf6 5. O-O Nxe4 6. d4 b5 7. Bb3 d5 8. dxe5
Be6 9. a4 Rb8 10. axb5 axb5 11. Nc3 Nxc3 12. bxc3 Be7 13. Nd4 Nxd4 14. cxd4 O-O
15. f4 Qd7 16. c3 f6 17. f5 Bxf5 18. Bxd5+ Qxd5 19. Rxf5 g6 20. Qg4 Qe6 21. Rf4
Qxg4 22. Rxg4 fxe5 23. dxe5 Bc5+ 24. Rd4 Rf5 25. Ba3 b4 26. g4 Rxe5 27. Bxb4
Rxb4 28. Ra8+ Kg7 29. cxb4 Bxd4+ 30. Kg2 Re2+ 31. Kf3 Rxh2 32. Rd8 Rf2+ 33. Kg3
Bb6 34. Rd7+ Rf7 35. Rd5 Re7 36. Kf4 h6 37. Rd3 Kf6 38. Rc3 Bd4 39. Rc6+ Re6
40. Rc4 Be5+ 41. Kf3 Kg5 42. Re4 Rf6+ 43. Kg2 Bd6 44. b5 Rf4 45. Re6 Rxg4+ 46.
Kh1 Rb4 47. b6 Rxb6 48. Kg2 Rb2+ 49. Kh1 h5 50. Re1 h4 51. Rg1+ Bg3 52. Rc1 Kg4
53. Rc4+ Kh3 54. Rc1 Rh2+ 55. Kg1 Bf2+ 0-1

[Event "Madrid ch 2022-2023 Semifinal"]
[Site "Madrid ESP"]
[Date "2023.05.08"]
[Round "6.18"]
[White "Martin Martin, Luis Vicente"]
[Black "Cardena Contreras, Javier"]
[Result "1/2-1/2"]
[WhiteElo "1875"]
[BlackElo "1819"]
[PlyCount "129"]
[EventDate "2023.05.03"]
[EventType "swiss"]
[EventRounds "9"]
[EventCountry "ESP"]
[SourceTitle "Ajedrez en Madrid"]
[Source "lmi"]
[SourceDate "2023.05.03"]
[SourceVersion "1"]
[SourceVersionDate "2023.05.10"]
[SourceQuality "1"]

1. d4 d5 2. Bf4 c5 3. e3 Nf6 4. c3 e6 5. Nd2 Bd6 6. Ngf3 O-O 7. Bd3 Qc7 8. Bg3
Nbd7 9. Bh4 e5 10. dxe5 Bxe5 11. Nxe5 Nxe5 12. Be2 Qb6 13. Qb3 Ne4 14. Qxd5
Qxb2 15. Rb1 Qxd2+ 16. Qxd2 Nxd2 17. Kxd2 b6 18. e4 Be6 19. Rb2 f6 20. Rd1
Rfd8+ 21. Ke1 Rxd1+ 22. Kxd1 Rd8+ 23. Ke1 Nd3+ 24. Bxd3 Rxd3 25. Rc2 c4 26. f3
Kf7 27. Bf2 Rd7 28. a4 f5 29. Bd4 Rb7 30. Rb2 fxe4 31. fxe4 Re7 32. Kf2 Bd7 33.
Rb4 Rxe4 34. Rxc4 Re7 35. Be3 Ke6 36. Re4+ Kf7 37. Rd4 Bc6 38. Rc4 Bxg2 39. Bg5
Re5 40. Bf4 Bd5 41. Rc7+ Re7 42. Rxe7+ Kxe7 43. Bb8 a6 44. Bc7 b5 45. axb5 axb5
46. Kg3 Ke6 47. Kf4 h6 48. h4 g6 49. Bb6 Bg2 50. Bd4 Kd5 51. Bg7 Kc4 52. Bf6
Kd3 53. Bg7 h5 54. Kg5 Be4 55. Bf6 Ke3 56. Bd4+ Kf3 57. Bf6 Bf5 58. Bg7 Kg3 59.
Bf6 Kf3 60. Bg7 Ke3 61. Bf6 Kd3 62. Bg7 Kc4 63. Bf6 b4 64. cxb4 Kxb4 65. Be7+
1/2-1/2

[Event "Madrid ch 2022-2023 Semifinal"]
[Site "Madrid ESP"]
[Date "2023.05.08"]
[Round "6.19"]
[White "Roquero Redondo, Miguel"]
[Black "Sanchez Rodriguez, Jaime"]
[Result "1-0"]
[WhiteElo "1936"]
[BlackElo "1839"]
[PlyCount "59"]
[EventDate "2023.05.03"]
[EventType "swiss"]
[EventRounds "9"]
[EventCountry "ESP"]
[SourceTitle "Ajedrez en Madrid"]
[Source "lmi"]
[SourceDate "2023.05.03"]
[SourceVersion "1"]
[SourceVersionDate "2023.05.10"]
[SourceQuality "1"]

1. e4 d5 2. exd5 Nf6 3. c4 e6 4. dxe6 Bxe6 5. Nf3 c5 6. Be2 Nc6 7. O-O Bd6 8.
Nc3 a6 9. d3 Bf5 10. a3 Qc7 11. Bg5 Ne7 12. Qa4+ Bd7 13. Qc2 Bc6 14. h3 h6 15.
Bxf6 gxf6 16. d4 Bxf3 17. Bxf3 cxd4 18. Qa4+ Qd7 19. Qxd7+ Kxd7 20. Ne4 Be5 21.
Nc5+ Kc7 22. Nxb7 Rab8 23. Nc5 Rxb2 24. Nxa6+ Kb6 25. Nb4 Rc8 26. Nd3 Rb3 27.
Rfb1 Rxb1+ 28. Rxb1+ Ka5 29. Rb5+ Ka4 30. Bd1+ 1-0

[Event "Madrid ch 2022-2023 Semifinal"]
[Site "Madrid ESP"]
[Date "2023.05.08"]
[Round "6.20"]
[White "Vinas Lopez, Carlos"]
[Black "Blazquez Sanz, Oscar"]
[Result "1/2-1/2"]
[WhiteElo "1874"]
[BlackElo "1800"]
[PlyCount "139"]
[EventDate "2023.05.03"]
[EventType "swiss"]
[EventRounds "9"]
[EventCountry "ESP"]
[SourceTitle "Ajedrez en Madrid"]
[Source "lmi"]
[SourceDate "2023.05.03"]
[SourceVersion "1"]
[SourceVersionDate "2023.05.10"]
[SourceQuality "1"]

1. d4 Nf6 2. Bg5 d6 3. Bxf6 exf6 4. c4 g6 5. Nc3 Bg7 6. g3 O-O 7. Bg2 Re8 8. e3
Na6 9. Nge2 c6 10. O-O Bd7 11. a3 Nc7 12. b4 Rc8 13. a4 Ne6 14. Ne4 Bf8 15. c5
d5 16. N4c3 Ng5 17. h4 Ne4 18. Nxe4 dxe4 19. Qc2 f5 20. Nc3 b6 21. Rfd1 Be6 22.
Bf1 bxc5 23. bxc5 Rb8 24. Rdb1 Qc7 25. Ne2 Rxb1 26. Rxb1 Rb8 27. Nf4 Bh6 28.
Nxe6 fxe6 29. Bc4 Kf7 30. Rxb8 Qxb8 31. Qa2 Qc8 32. Qb3 Bg7 33. a5 Bf6 34. a6
Bd8 35. Qb7+ Qxb7 36. axb7 Bc7 37. Kg2 Kf6 38. f3 exf3+ 39. Kxf3 e5 40. Bb3 e4+
41. Kf2 g5 42. Ba4 gxh4 43. gxh4 Bb8 44. Bxc6 Ke7 45. d5 h6 46. d6+ Ke6 47. Kg3
Ke5 48. d7 Ke6+ 49. Kh3 Ke7 50. Ba4 a5 51. Kg2 Be5 52. Kf2 Kd8 53. Ke2 Ke7 54.
Kd2 Kd8 55. Bc6 Ke7 56. Kc2 Kd8 57. Kb3 f4 58. exf4 Bxf4 59. Kc4 Ke7 60. Kb5 e3
61. Bf3 Kxd7 62. Kxa5 Kc7 63. Ka6 Kb8 64. Kb6 Be5 65. Kc6 Bg3 66. h5 Bf4 67.
Kd7 e2 68. Bxe2 Kxb7 69. c6+ Kb8 70. Ba6 1/2-1/2

[Event "Madrid ch 2022-2023 Semifinal"]
[Site "Madrid ESP"]
[Date "2023.05.08"]
[Round "6.21"]
[White "Sprenger de la Iglesia, Yevgeni"]
[Black "Palomo Monserrat, Lorenzo"]
[Result "1-0"]
[WhiteElo "1807"]
[BlackElo "1929"]
[PlyCount "123"]
[EventDate "2023.05.03"]
[EventType "swiss"]
[EventRounds "9"]
[EventCountry "ESP"]
[SourceTitle "Ajedrez en Madrid"]
[Source "lmi"]
[SourceDate "2023.05.03"]
[SourceVersion "1"]
[SourceVersionDate "2023.05.10"]
[SourceQuality "1"]

1. d4 d5 2. c4 dxc4 3. e3 Nf6 4. Bxc4 e6 5. Nf3 c5 6. O-O a6 7. Nbd2 cxd4 8.
exd4 Nc6 9. Nb3 Be7 10. Bg5 O-O 11. Qe2 b5 12. Bd3 Nb4 13. Bxf6 Bxf6 14. Qe4
Nxd3 15. Qxa8 Nxb2 16. Qe4 Nc4 17. Nc5 Qd6 18. a4 e5 19. dxe5 Nxe5 20. Rac1 Nc4
21. axb5 axb5 22. Nb3 Rd8 23. Qc2 Qf4 24. Rfd1 Bb7 25. Qe2 Qe4 26. Rxd8+ Bxd8
27. Qxe4 Bxe4 28. Nfd4 Nd6 29. Nxb5 Nxb5 30. Rc8 Kf8 31. Rxd8+ Ke7 32. Rd2 Bf5
33. f3 Be6 34. Nc5 Nc3 35. Rc2 Nd5 36. Re2 Nc7 37. Kf2 Kd6 38. Nxe6 Nxe6 39.
Ke3 Ke5 40. Ra2 Nf4 41. Ra5+ Nd5+ 42. Kd3 Kd6 43. Kd4 Nc7 44. g4 Ne6+ 45. Ke3
g6 46. Ra7 Nc7 47. Ke4 Ne6 48. h4 Nc5+ 49. Kd4 Ne6+ 50. Ke4 Nc5+ 51. Kf4 Ne6+
52. Ke3 Nc7 53. g5 Nd5+ 54. Ke4 Nc3+ 55. Kd3 Nd5 56. Rxf7 Ke5 57. Rxh7 Kf4 58.
Rf7+ Kg3 59. h5 Nb4+ 60. Kc4 Nc6 61. Kd5 Nb4+ 62. Kd6 1-0

[Event "Madrid ch 2022-2023 Semifinal"]
[Site "Madrid ESP"]
[Date "2023.05.08"]
[Round "6.22"]
[White "Marin Lopez, Jeronimo"]
[Black "Vukotic Jovsic, Dragan"]
[Result "1/2-1/2"]
[WhiteElo "1874"]
[BlackElo "1836"]
[PlyCount "128"]
[EventDate "2023.05.03"]
[EventType "swiss"]
[EventRounds "9"]
[EventCountry "ESP"]
[SourceTitle "Ajedrez en Madrid"]
[Source "lmi"]
[SourceDate "2023.05.03"]
[SourceVersion "1"]
[SourceVersionDate "2023.05.10"]
[SourceQuality "1"]

1. e4 e6 2. d4 d5 3. Nc3 Bb4 4. Nge2 dxe4 5. a3 Be7 6. Nxe4 Nf6 7. Nxf6+ Bxf6
8. Be3 O-O 9. Nf4 e5 10. Nh5 exd4 11. Nxf6+ Qxf6 12. Qxd4 Qxd4 13. Bxd4 Re8+
14. Be3 Bf5 15. O-O-O Bg4 16. Rd4 Be6 17. Bb5 c6 18. Be2 Nd7 19. b3 Ne5 20.
Rhd1 Bd5 21. g3 Be6 22. h4 Kf8 23. c4 c5 24. Re4 Bf5 25. Bxc5+ Kg8 26. Re3 b6
27. Bd4 Ng4 28. Rxe8+ Rxe8 29. Bf3 h6 30. a4 Nh2 31. Bg2 Re2 32. Rd2 Re1+ 33.
Kb2 Nf1 34. Bxf1 Rxf1 35. a5 Rb1+ 36. Ka2 bxa5 37. Bxa7 a4 38. bxa4 Rb4 39.
Rd8+ Kh7 40. a5 Ra4+ 41. Kb3 Rxa5 42. Bb6 Ra1 43. Kb4 Be6 44. c5 Rb1+ 45. Ka5
Ra1+ 46. Kb5 Rb1+ 47. Ka6 Rc1 48. Kb7 Bg4 49. Rd3 Be2 50. Re3 Bc4 51. Kc6 g5
52. hxg5 hxg5 53. Ba5 Ra1 54. Rc3 Bf1 55. Bb6 Ra2 56. f3 Bg2 57. Kd6 Rf2 58.
Bd8 Kg6 59. c6 Rxf3 60. Rxf3 Bxf3 61. c7 Bb7 62. Ke5 Bc8 63. Ke4 f6 64. Ke3 f5
1/2-1/2

[Event "Madrid ch 2022-2023 Semifinal"]
[Site "Madrid ESP"]
[Date "2023.05.09"]
[Round "7.1"]
[White "Horcajuelo Rocamora, Martin"]
[Black "Rey Martinez, Jaime"]
[Result "0-1"]
[WhiteElo "2274"]
[BlackElo "2217"]
[PlyCount "120"]
[EventDate "2023.05.03"]
[EventType "swiss"]
[EventRounds "9"]
[EventCountry "ESP"]
[SourceTitle "Ajedrez en Madrid"]
[Source "lmi"]
[SourceDate "2023.05.03"]
[SourceVersion "1"]
[SourceVersionDate "2023.05.10"]
[SourceQuality "1"]

1. d4 Nf6 2. c4 e6 3. Nf3 b6 4. Bf4 Bb4+ 5. Nfd2 Nh5 6. a3 Be7 7. e3 Nxf4 8.
Qf3 d5 9. Qxf4 Bb7 10. cxd5 Bxd5 11. Nc3 Bb7 12. Rd1 Nd7 13. Nb5 Rc8 14. Nxa7
g5 15. Qg3 Bd6 16. Qh3 Ra8 17. Nb5 h5 18. Nxd6+ cxd6 19. Qg3 Nf6 20. Qxg5 Rg8
21. Qb5+ Kf8 22. Rg1 Ng4 23. g3 Ra5 24. Qb3 Rf5 25. f4 Nxh2 26. Bh3 Rf6 27. Kf2
Rfg6 28. Bg2 Rxg3 29. Bxb7 Rxg1 30. Rxg1 Qh4+ 31. Ke2 Rxg1 32. Qxb6 Ng4 33. d5
Qe1+ 34. Kd3 Nf2+ 35. Kc2 Qc1+ 36. Kb3 Qxd2 37. Qxd6+ Kg8 38. Qb8+ Kh7 39. Qc7
Rg7 40. Qe5 Qd3+ 41. Ka4 Qe4+ 42. Qxe4+ Nxe4 43. Kb4 exd5 44. a4 Nd6 45. Bxd5
f6 46. Kc5 Nc8 47. b4 Rc7+ 48. Kb5 Kg7 49. a5 Kf8 50. a6 Ke7 51. Ka5 Kd6 52.
Bb7 h4 53. Bg2 Rc2 54. Bh3 Kc7 55. b5 Ra2+ 56. Kb4 Na7 57. Kc5 Rc2+ 58. Kd5
Nxb5 59. Bf5 Rc3 60. a7 Nxa7 0-1

[Event "Madrid ch 2022-2023 Semifinal"]
[Site "Madrid ESP"]
[Date "2023.05.09"]
[Round "7.2"]
[White "Centeno Mendoza, Julio Stefano"]
[Black "Rodriguez Avila, Alvaro"]
[Result "1-0"]
[WhiteElo "2148"]
[BlackElo "2114"]
[PlyCount "133"]
[EventDate "2023.05.03"]
[EventType "swiss"]
[EventRounds "9"]
[EventCountry "ESP"]
[SourceTitle "Ajedrez en Madrid"]
[Source "lmi"]
[SourceDate "2023.05.03"]
[SourceVersion "1"]
[SourceVersionDate "2023.05.10"]
[SourceQuality "1"]

1. e4 c5 2. c3 g6 3. d4 cxd4 4. cxd4 d5 5. e5 Nc6 6. Nf3 Bg4 7. Bb5 Nh6 8. Nbd2
Nf5 9. Bxc6+ bxc6 10. h3 Bxf3 11. Nxf3 Qa5+ 12. Bd2 Qb6 13. Bc3 e6 14. O-O Bg7
15. a3 a5 16. b4 a4 17. g4 Ne7 18. Bd2 O-O 19. Rc1 Nc8 20. Bg5 Qb7 21. Rc3 Nb6
22. Qc1 Nc4 23. Nd2 Nxd2 24. Bxd2 Ra6 25. Bh6 f5 26. exf6 Rxf6 27. Bxg7 Kxg7
28. Qe3 Qf7 29. Qe5 Kg8 30. b5 Ra8 31. bxc6 Rf4 32. f3 Rc8 33. c7 h5 34. Kg2
Qf6 35. Qxf6 Rxf6 36. Rb1 Kg7 37. Rb8 Rff8 38. Rxc8 Rxc8 39. gxh5 gxh5 40. Kg3
Kf6 41. Kf4 Ke7 42. Ke5 Kd7 43. f4 h4 44. Rc2 Ke7 45. f5 exf5 46. Kxd5 Kd7 47.
Ke5 Re8+ 48. Kxf5 Kc8 49. Rc3 Re2 50. Kf4 Rb2 51. Ke4 Re2+ 52. Kd5 Rg2 53. Kc6
Rg6+ 54. Kb5 Rg3 55. Kb4 Rg1 56. d5 Rb1+ 57. Kxa4 Rd1 58. Rc5 Rd3 59. Kb5 Rxh3
60. d6 Rd3 61. Kc6 h3 62. Rh5 Rc3+ 63. Kd5 Rd3+ 64. Kc5 Rc3+ 65. Kd4 Rc1 66.
Rh8+ Kd7 67. Rd8+ 1-0

[Event "Madrid ch 2022-2023 Semifinal"]
[Site "Madrid ESP"]
[Date "2023.05.09"]
[Round "7.3"]
[White "Torres Rebolledo, Alvaro"]
[Black "Torres Boch, Jose Francisco"]
[Result "1/2-1/2"]
[WhiteElo "2082"]
[BlackElo "2139"]
[PlyCount "136"]
[EventDate "2023.05.03"]
[EventType "swiss"]
[EventRounds "9"]
[EventCountry "ESP"]
[SourceTitle "Ajedrez en Madrid"]
[Source "lmi"]
[SourceDate "2023.05.03"]
[SourceVersion "1"]
[SourceVersionDate "2023.05.10"]
[SourceQuality "1"]

1. e4 e5 2. Nf3 Nc6 3. Bc4 Bc5 4. c3 Nf6 5. d4 exd4 6. e5 d5 7. Bb5 Ne4 8. cxd4
Bb6 9. Nc3 O-O 10. Be3 Bg4 11. h3 Bh5 12. Qc2 Bg6 13. Qb3 Ne7 14. O-O c6 15.
Bd3 Nd2 16. Nxd2 Bxd3 17. Rfe1 Bg6 18. Na4 Nf5 19. Qc3 f6 20. Nf3 fxe5 21. Nxe5
Bc7 22. Bf4 Nd6 23. Nxg6 hxg6 24. Qg3 Rxf4 25. Qxf4 Ne4 26. Qg4 Qd6 27. g3 Rf8
28. Re2 Qf6 29. Nc5 Nxc5 30. dxc5 Be5 31. Rd1 Bxb2 32. Qe6+ Qxe6 33. Rxe6 Ba3
34. Re2 Bxc5 35. Rb1 b6 36. Kg2 Kf7 37. Rb3 Be7 38. a4 Bf6 39. a5 Bd4 40. Rf3+
Bf6 41. g4 g5 42. h4 Kg6 43. Re6 Rc8 44. axb6 axb6 45. Rc3 c5 46. Rxb6 gxh4 47.
Rd3 d4 48. f4 Kf7 49. g5 Bd8 50. Ra6 Be7 51. Kh3 Rd8 52. Rc6 Bd6 53. f5 g6 54.
Kg4 gxf5+ 55. Kxf5 Ke7 56. g6 Rf8+ 57. Kg5 Ke6 58. g7 Rg8 59. Kg6 Kd5 60. Rxd6+
Kxd6 61. Kf7 Rd8 62. Rd1 Kd5 63. Re1 Kd6 64. Re6+ Kd5 65. Re8 Rd7+ 66. Re7 Rd8
67. Re8 Rd7+ 68. Re7 Rd8 1/2-1/2

[Event "Madrid ch 2022-2023 Semifinal"]
[Site "Madrid ESP"]
[Date "2023.05.09"]
[Round "7.4"]
[White "Ruiz Vazquez, Javier"]
[Black "Fernandez Rosado, Roberto"]
[Result "0-1"]
[WhiteElo "1983"]
[BlackElo "2126"]
[PlyCount "76"]
[EventDate "2023.05.03"]
[EventType "swiss"]
[EventRounds "9"]
[EventCountry "ESP"]
[SourceTitle "Ajedrez en Madrid"]
[Source "lmi"]
[SourceDate "2023.05.03"]
[SourceVersion "1"]
[SourceVersionDate "2023.05.10"]
[SourceQuality "1"]

1. e4 e5 2. Nf3 Nc6 3. Bc4 Nf6 4. d3 Be7 5. O-O d6 6. Re1 O-O 7. c3 Na5 8. Bb5
a6 9. Ba4 b5 10. Bc2 c5 11. Nbd2 Nc6 12. Nf1 h6 13. h3 Be6 14. d4 cxd4 15. cxd4
exd4 16. Nxd4 Nxd4 17. Qxd4 Rc8 18. Bb1 Nd7 19. Bf4 Qa5 20. Bd2 Qb6 21. Qd3 Ne5
22. Qg3 Kh8 23. Be3 Qd8 24. Rd1 Nc4 25. Bd4 Bf6 26. b3 Bxd4 27. Rxd4 Qf6 28.
Qd3 Ne5 29. Qd1 Nc6 30. e5 Qxe5 31. Qd3 f5 32. Rxd6 Qxa1 33. Rxe6 Nd4 34. Rd6
Rc1 35. Qe3 Rxb1 36. Qe7 Rxf1+ 37. Kh2 Nf3+ 38. gxf3 Rxf2+ 0-1

[Event "Madrid ch 2022-2023 Semifinal"]
[Site "Madrid ESP"]
[Date "2023.05.09"]
[Round "7.7"]
[White "Feal Albala, Alonso"]
[Black "Nunez Miranda, Adrian"]
[Result "1/2-1/2"]
[WhiteElo "1959"]
[BlackElo "2127"]
[PlyCount "47"]
[EventDate "2023.05.03"]
[EventType "swiss"]
[EventRounds "9"]
[EventCountry "ESP"]
[SourceTitle "Ajedrez en Madrid"]
[Source "lmi"]
[SourceDate "2023.05.03"]
[SourceVersion "1"]
[SourceVersionDate "2023.05.10"]
[SourceQuality "1"]

1. e4 c5 2. Nf3 Nc6 3. d4 cxd4 4. Nxd4 Nf6 5. Nc3 d6 6. Be2 e5 7. Nb3 Be7 8.
O-O O-O 9. Kh1 a5 10. a4 Nb4 11. f4 exf4 12. Bxf4 d5 13. e5 Ne4 14. Nxe4 dxe4
15. c3 Nd3 16. Bxd3 Qxd3 17. Qxd3 exd3 18. Nd4 Bg4 19. h3 Bh5 20. Nf5 Bc5 21.
g4 Bg6 22. Rad1 Rfd8 23. Rf3 d2 24. Be3 1/2-1/2

[Event "Madrid ch 2022-2023 Semifinal"]
[Site "Madrid ESP"]
[Date "2023.05.09"]
[Round "7.10"]
[White "Lazaro Azcutia, Miguel"]
[Black "Rodriguez Melendez, Juan Humbert"]
[Result "1/2-1/2"]
[WhiteElo "1953"]
[BlackElo "2069"]
[PlyCount "57"]
[EventDate "2023.05.03"]
[EventType "swiss"]
[EventRounds "9"]
[EventCountry "ESP"]
[SourceTitle "Ajedrez en Madrid"]
[Source "lmi"]
[SourceDate "2023.05.03"]
[SourceVersion "1"]
[SourceVersionDate "2023.05.10"]
[SourceQuality "1"]

1. e4 c5 2. Nf3 d6 3. d4 cxd4 4. Nxd4 Nf6 5. Nc3 a6 6. Bg5 e6 7. f4 Be7 8. Qf3
Qc7 9. O-O-O Nc6 10. Nxc6 Qxc6 11. Bd3 b5 12. Rhe1 O-O 13. Qh3 e5 14. Qh4 h6
15. Nd5 Nxd5 16. exd5 Bxg5 17. fxg5 Qd7 18. gxh6 Qg4 19. h7+ Kh8 20. Qe7 Bf5
21. Qxd6 e4 22. Be2 Qxg2 23. Qf4 g6 24. h4 Rac8 25. Qe3 Qh3 26. Qd4+ f6 27. h5
g5 28. d6 Bxh7 29. c3 1/2-1/2